溫柔的魅力

資料類型: Book 圖書   書目號:41579

Leader xxxxxxxxxx
001 __ PCLIS00041579
005 __  20030624204055.0
008 __  chi
010 0_ |a957-683-054-0|b平裝|d新臺幣140元
090 __ |a(nbi)b1068430x
100 __ |a19930114d1992       y0chib09      e
101 0_ |achi
102 __ |acw
105 __ |ay   z   000cy
200 1_ |a溫柔的魅力|e|f葉于模著
205 __ |a初版
210 __ |a臺北市|c業強|d1992[ 民81 ]
215 0_ |a6,229面|c|d21公分
225 1_ |a業強新{216B22}|v11
260 1_ |a1992
300 __ |a
681 __ |a855|b8857|v增訂七版
700 _1 |a|b于模|c(文學)|4702 __ |a|b|4
801 _0 |acw|b中圖|c19930114
801 _1 |acw|b中圖|c19930114
801 _2 |acw|b中圖|c19930714
801 _2 |atw|b元智|c20030624
詳細館藏(共 1 筆)
索 書 號登 錄 號冊次號館別 / 館藏地流通類型狀態加入預約清單電子資源
855 / 8857 2017409  圖書館 / 一樓普通區 可外借30天 在館   

| 條列資料




目錄查詢 分類查詢 個人資料 圖書薦購 新書查詢 閉館日 排行榜 更多電子資源 Hami書城 線上資料庫 登出

From : 216.73.216.116

  本日流通累計至 07:42:38 借閱 : 0 次 續借 : 0 次 歸還 : 0 次 預約 : 0 次 電子資源 : 0 次


內湖高中圖書館  PCLIS 版本  25.5.0.2